000 00790nam a22002537a 4500
003 DO-SdBNP
005 20250617125047.0
008 201015b1999 sp 00| 0 eng d
040 _aDO-SdBNP
_bspa
_cBNPHU
082 _2
_axx
_bG216c
100 1 _aGarcía Ruiz, J. Luiz
_976904
245 1 3 _aEl consejo económico y social ; Génesis constituyente y parlamentaria /
_cJ.Luis García Ruiz
246 1 3 _aGénesis constituyente y parlamentaria
250 _a3a. ed.
260 _aMadrid :
_bConsejo Economico y Social
_c1999
300 _a179 p.
_c24 cm.
490 _aEstudio
_v6
504 _aBibliografía : p. 170-174
590 _aInventariado.2020/VM
740 1 4 _aGénesis constituyente y parlamentaria
830 _aEstudio
_n6
_953868
942 _2ddc
_cLBS1
956 _aVMateo
999 _c48889
_d48889